Score 0/27 Timer 03:00
3 Plays Today
Hint 4-Letter Word % Correct
☺ Passage of seconds, minutes ☺•TIME•
96%
Domesticated, docileTAME
92.3%
☺ Jack of diamonds, e.g. ☺•CARD•
91.8%
Finishing 10th out of 10LAST
90.1%
☺ Elevator in UK ☺•LIFT•
90%
Between birth and deathLIFE
89.6%
Rubber wheel covering (US sp.)TIRE
89.4%
Itemized grocery noteLIST
88.9%
Flexible wire plugged into outletCORD
88.6%
Broken bone stabilizerCAST
87.1%
Protective footwearBOOT
86.4%
Magnetic recording stripTAPE
85.7%
Serious attention or consideration CARE
80.9%
Threaded, metal fastenerBOLT
77.1%
Hint 4-Letter Word % Correct
☺ Confident and courageous ☺•BOLD•
77.1%
In Bible weed resembling wheat TARE
76.9%
Wingless, parasitic insectsLICE
76.5%
Unemotional, indifferentCOLD
75.7%
Barrellike booze containerCASK
73.7%
☺ Particular kind or group ☺•TYPE•
73.3%
Fine, open fabricLACE
71.3%
☺ To conceal, disguise ☺•MASK•
70.6%
☺ Buy a ticket in advance ☺•BOOK•
68.4%
American heavy truck makerMACK
65.6%
Subsidize, give financial supportBACK
58.7%
Strong, dark beerBOCK
57%
☺☺ COMMON BOND ☺☺•FACE•
46.8%

Today's Daily Dose

Remove Ads.
Support Sporcle.
Get the best of Sporcle when you Go Orange. This ad-free experience offers more features, more stats, and more fun while also helping to support Sporcle. Thank you for becoming a member.

You're not logged in!

Compare scores with friends on all Sporcle quizzes.
OR
Log In

Show Comments

Extras

Top Quizzes Today


Score Distribution

Your Account Isn't Verified!

In order to create a playlist on Sporcle, you need to verify the email address you used during registration. Go to your Sporcle Settings to finish the process.

Report this User

Report this user for behavior that violates our Community Guidelines.

Details: